| 000 | 02219cam a22003494a 4500 | ||
|---|---|---|---|
| 001 | 14351553 | ||
| 003 | OSt | ||
| 005 | 20230704090131.0 | ||
| 008 | 060424s2005 dcu b i000 0 eng c | ||
| 010 | _a 2006296253 | ||
| 020 | _a1589064380 | ||
| 035 | _a(OCoLC)ocm63051053 | ||
| 040 |
_aDBI _cDBI _dDBI _dUNA _dAFQ _dVP@ _dBAKER _dDLC |
||
| 042 | _apcc | ||
| 082 | 0 | 0 |
_a339.5 _bLAU |
| 245 | 0 | 0 |
_aMonetary policy implementation at different stages of market development / _cby a staff team led by Bernard J. Laurens. |
| 260 |
_aWashington, DC : _bInternational Monetary Fund, _c2005. |
||
| 300 |
_avi, 99 p. ; _c28 cm. |
||
| 490 | 1 |
_aOccasional paper / International Monetary Fund ; _v244 |
|
| 504 | _aIncludes bibliographical references (p. 96-97). | ||
| 505 | 0 | _aGlossary of monetary instruments -- Pt. 1. A framework for sequencing reforms. Overview -- The growing reliance on money market operations for monetary policy -- Lessons from country experience -- Implications for policy design and coordination -- Agenda for action to enhance monetary policy effectiveness -- Sequencing reforms -- Implications for fund operations -- Pt. 2. Selected country experiences with money market operations. Case studies: Democratic Republic of the Congo ; Easter Caribbean Currency Union ; Egypt ; The Gambia ; Kyrgyz Republic ; Malta ; Tonga ; Tunisia ; Uganda ; Ukraine ; Vanuatu ; Zambia -- Appendixes. Channels of transmission of monetary policy -- Eligible assets: European Central Bank and Banque de France -- Enhancing liquidity management and forecasting -- Cross-country experiences with a liquidity surplus -- Selected cross ccountry experiences with interbank market development. | |
| 650 | 0 |
_aMonetary policy _zDeveloping countries. |
|
| 650 | 0 | _aBanks and banking, Central. | |
| 650 | 0 |
_aMoney market _zDeveloping countries. |
|
| 700 | 1 | _aLaurens, Bernard. | |
| 710 | 2 | _aInternational Monetary Fund. | |
| 830 | 0 |
_aOccasional paper (International Monetary Fund) ; _v244 |
|
| 856 | 4 | 1 |
_3Table of contents only _uhttp://www.loc.gov/catdir/toc/fy0609/2006296253.html |
| 906 |
_a7 _bcbc _cpccadap _d2 _encip _f20 _gy-gencatlg |
||
| 942 |
_2ddc _cBK |
||
| 999 |
_c3582 _d3582 |
||